000 00391nam a2200169Ia 4500
001 10820
003 IN-NITTTR
005 20251114233101.0
008 251113s9999||||xx |||||||||||||| ||eng||
040 _beng
040 _cIN-NITTTR
041 _aeng
082 _a030 W21T
100 _aWard Lock,
245 0 _aThen young people's thesaurus dictinoary. /
_cWard Lock
942 _2ddc
_cBK
999 _c13456
_d13456